Vybrané kredibilné regresné modely v havarijnom poistení
Medzi moderné prístupy kalkulácie a permanentnej úpravy netto poistného patrí teória kredibility. Vznik rôznych druhov kredibilných modelov. Hachemeisterov kredibilný regresný model (model HM). De Vylderov kredibilný regresný model aplikovaný na normovaných regresoroch. Možnosti aplikácie De Vyldero...
Guardado en:
| Autor principal: | |
|---|---|
| Otros Autores: | , |
| Formato: | Capítulo de libro |
| Lenguaje: | eslovaco |
| Materias: | |
| Etiquetas: |
Sin Etiquetas, Sea el primero en etiquetar este registro!
|
MARC
| LEADER | 00000naa$a2200000$$$4500 | ||
|---|---|---|---|
| 001 | 0042474 | ||
| 005 | 20250702090740.6 | ||
| 041 | 0 | |a slo | |
| 044 | |a SK | ||
| 245 | 1 | 0 | |a Vybrané kredibilné regresné modely v havarijnom poistení |c Erik Šoltés, Viera Pacáková, Tatiana Šoltésová |
| 520 | |a Medzi moderné prístupy kalkulácie a permanentnej úpravy netto poistného patrí teória kredibility. Vznik rôznych druhov kredibilných modelov. Hachemeisterov kredibilný regresný model (model HM). De Vylderov kredibilný regresný model aplikovaný na normovaných regresoroch. Možnosti aplikácie De Vylderovho kredibilného regresného modelu. Databáza údajov vytvorená zo štatistiky poistných udalostí v havarijnom poistení anonymnej poisťovne, z piatich regiónov Slovenska. Porovnanie kolektívneho a individuálnych regresných modelov. | ||
| 610 | 2 | 0 | |a poistenie havarijné |
| 610 | 2 | 0 | |a poistné |
| 610 | 2 | 0 | |a modely regresné |
| 610 | 2 | 0 | |a analýza regresná |
| 610 | 2 | 0 | |a poistenie vozidiel motorových |
| 610 | 2 | 0 | |a riziko poistné |
| 610 | 2 | 0 | |a regióny |
| 610 | 2 | 0 | |a Slovensko |
| 100 | 1 | |a Šoltés, Erik, 1974- | |
| 700 | 1 | |a Pacáková, Viera | |
| 700 | 1 | |a Šoltésová, Tatiana, 1975- | |